Guess the Car Brand by the Model - Statistics

General Stats
  • This quiz has been taken 1,018 times
    666 since last reset
  • The average score is 13 of 23
Answer Stats
Model Brand % Correct
Model X Tesla
83%
Passat Volkswagen
79%
Grand Cherokee Jeep
78%
Cayenne Porsche
76%
Explorer Ford
75%
Sportage Kia
70%
Land Cruiser Toyota
70%
Altima Nissan
66%
X5 BMW
65%
Escalade Cadillac
65%
Tucson Hyundai
54%
Swift Suzuki
53%
Megane Renault
51%
Aventador Lamborghini
50%
Durango Dodge
48%
Panda Fiat
47%
Defender Land Rover
45%
Navigator Lincoln
45%
Jazz Honda
44%
C200 Mercedes
40%
Yukon GMC
38%
Cullinan Rolls Royce
25%
Captiva Chevrolet
21%
No matching quizzes found
Score Distribution
Percent of People with Each Score
Percentile by Number Answered
Your Score History
You have not taken this quiz since the last reset